000 00344nam a2200145Ia 4500
008 150201s2002 xx 000 0 und d
082 _a617.7
_bT02A
100 _aAGRAWAL, SUNITA
245 _aTB. OF OPHTHALMOLOGY-1
250 _a1ST
260 _bJAYPEE BROTHERS
_aDELHI
_c2002
300 _a1-548
650 _aOPHTHALMOLOGY
942 _2ddc
_cBK
999 _c105
_d105